| 000 | 01860nam0a2200361 4500 | ||
|---|---|---|---|
| 001 | RU\NLR\bibl\8882 | ||
| 005 | 20260406051506.0 | ||
| 010 |
_a5-7103-0375-5 _9500 |
||
| 021 |
_aRU _b98-11394 _9537 |
||
| 035 | _a(NLR Aleph) 000008681 | ||
| 090 |
_a27843 _c27843 |
||
| 100 | _a19981130d1998 |||y0rusy50 ca | ||
| 101 | 0 | _arus | |
| 102 | _aRU | ||
| 105 | _ay ||||||||| | ||
| 200 | 1 |
_aОсновы учета, аудита и судебно-бухгалтерской экспертизы _eУчеб. пособие _fВ.К. Сусин, Н.В. Орешкина |
|
| 210 |
_aСаранск _cИзд-во Морд. ун-та _d1998 |
||
| 215 |
_a123 с. _d21 |
||
| 300 | _aЗагл. обл.: Основы бухгалтерского учета, аудита и судебно-бухгалтерской экспертизы | ||
| 320 | _aБиблиогр.: с.122 | ||
| 606 | 0 |
_aБухгалтерский учет _jРуководства, пособия и т.п. _yРоссийская Федерация _92073607 _3RU\NLR\auth\661248526 |
|
| 606 | 0 |
_aАудит _jРуководства, пособия и т.п. _yРоссийская Федерация _92075686 _3RU\NLR\auth\661250767 |
|
| 606 | 0 |
_aСудебно-бухгалтерская экспертиза _jРуководства, пособия и т.п. _yРоссийская Федерация _92078636 _3RU\NLR\auth\661254498 |
|
| 686 | _aУ052.9(2)2-218я7 | ||
| 686 | _aХ629.40я7 | ||
| 700 | 1 |
_4070 _8rus _7ca _aСусин _bВ. К. _gВладимир Кузьмич _3RU\NLR\auth\776750 _9116699 |
|
| 701 | 1 |
_4070 _8rus _7ca _aОрешкина _bН. В. _gНаталья Витальевна _3RU\NLR\auth\776751 _9116700 |
|
| 801 | 0 |
_aRU _bNLR _c19981130 _gPSBO |
|
| 801 | 1 |
_aRU _bNLR _c19981130 |
|
| 830 | _aАвт. раскрыт по кн. | ||
| 852 |
_aNLR _j98-3/3203 |
||
| 942 | _cBOOK | ||
| 980 | _aNB | ||